书目信息 |
| 题名: |
中国非物质文化遗产保护发展报告
|
|
| 作者: | 康保成 主编 | |
| 分册: | 2012 | |
| 出版信息: | 北京 社会科学文献出版社 2012.11 |
|
| 页数: | 460页 | |
| 开本: | 24cm | |
| 丛书名: | ||
| 单 册: | ||
| 中图分类: | G120 | |
| 科图分类: | ||
| 主题词: | 文化遗产--保护--研究报告--中国--2012 , 文化遗产 | |
| 电子资源: | ||
| ISBN: | 978-7-5097-3723-1 | |
| 000 | 01192nam0 2200265 450 | |
| 001 | 010000013862 | |
| 005 | 20130427084350.01 | |
| 010 | @a978-7-5097-3723-1@dCNY89.00 | |
| 100 | @a20121120d2012 em y0chiy50 ea | |
| 101 | 0 | @achi |
| 102 | @aCN@b110000 | |
| 105 | @ak z 000yy | |
| 106 | @ar | |
| 200 | 1 | @a中国非物质文化遗产保护发展报告@9zhong guo fei wu zhi wen hua yi chan bao hu fa zhan bao gao@h2012@dAnnual development report on Chinese intangible cultural heritage protection@h2012@f康保成主编@zeng |
| 210 | @a北京@c社会科学文献出版社@d2012.11 | |
| 215 | @a460页@d24cm | |
| 300 | @a教育部人文社会科学重点研究基地中山大学中国非物质文化遗产研究中心成果 教育部哲学社会科学发展报告建设(培育)项目 中山大学985工程三期资助项目 | |
| 330 | @a本书主要内容包括:民间文学保护发展报告;传统音乐保护发展报告;传统舞蹈保护发展报告;传统戏剧保护发展报告;曲艺保护发展报告等。 | |
| 510 | 1 | @aAnnual development report on Chinese intangible cultural heritage protection@h2012@zeng |
| 606 | 0 | @a文化遗产@x保护@x研究报告@y中国@z2012 |
| 606 | 0 | @a文化遗产 |
| 690 | @aG120@v5 | |
| 701 | 0 | @a康保成@9kang bao cheng@4主编 |
| 801 | 0 | @aCN@bRENTIAN@c20121120 |
| 905 | @b542163-67@dG120@e120@f5 | |
| 中国非物质文化遗产保护发展报告.2012=Annual development report on Chinese intangible cultural heritage protection.2012/康保成主编.-北京:社会科学文献出版社,2012.11 |
| 460页;24cm |
| 教育部人文社会科学重点研究基地中山大学中国非物质文化遗产研究中心成果 教育部哲学社会科学发展报告建设(培育)项目 中山大学985工程三期资助项目 |
| ISBN 978-7-5097-3723-1:CNY89.00 |
| 本书主要内容包括:民间文学保护发展报告;传统音乐保护发展报告;传统舞蹈保护发展报告;传统戏剧保护发展报告;曲艺保护发展报告等。 |
| ● |
| 相关链接 |
|
|
|
|
正题名:中国非物质文化遗产保护发展报告
索取号:G120/120
 
预约/预借
| 序号 | 登录号 | 条形码 | 馆藏地/架位号 | 状态 | 备注 |
| 1 | 542163 | 205421630 | 第一样本阅览室/ [索取号:G120/120] | 在馆 | |
| 2 | 542164 | 205421649 | 第四借阅区/ [索取号:G120/120] | 在馆 | |
| 3 | 542165 | 205421658 | 第四借阅区/ [索取号:G120/120] | 在馆 | |
| 4 | 542166 | 205421667 | 第四借阅区/ [索取号:G120/120] | 在馆 | |
| 5 | 542167 | 205421676 | 第四借阅区/ [索取号:G120/120] | 在馆 |